书目信息 |
| 题名: |
艺术体操训练信息管理系统研究
|
|
| 作者: | 罗琳 著 | |
| 分册: | ||
| 出版信息: | 北京 中国纺织出版社 2019 |
|
| 页数: | 158页 | |
| 开本: | 23cm | |
| 丛书名: | ||
| 单 册: | ||
| 中图分类: | G834.02-39 | |
| 科图分类: | ||
| 主题词: | 艺术体操--运动训练--管理信息系统--研究 | |
| 电子资源: | ||
| ISBN: | 978-7-5180-4162-6 | |
| 000 | 00980nam0 2200229 450 | |
| 001 | 012001003667 | |
| 005 | 20131014084605.0 | |
| 010 | @a978-7-5180-4162-6@dCNY57.00 | |
| 100 | @a20190813d2019 em y0chiy50 ea | |
| 101 | 0 | @achi |
| 102 | @aCN@b110000 | |
| 105 | @aa z 000yy | |
| 106 | @ar | |
| 200 | 1 | @a艺术体操训练信息管理系统研究@Ayi shu ti cao xun lian xin xi guan li xi tong yan jiu@f罗琳著 |
| 210 | @a北京@c中国纺织出版社@d2019 | |
| 215 | @a158页@c图@d23cm | |
| 330 | @a本书不仅将传统的艺术体操训练指导理论进行了提炼,而且运用运动学的新理论并结合艺术体操编排的规律和特点,增加了艺术体操训练的基本理论,介绍了艺术体操规则的演进和现代信息技术与艺术体操训练相结合的发展概况,还介绍了艺术体操训练指标体系的建立和指导模型的构建,并根据艺术体操训练指导模型完成了信息系统的设计和实现。 | |
| 606 | 0 | @a艺术体操@x运动训练@x管理信息系统@x研究 |
| 690 | @aG834.02-39@v5 | |
| 701 | 0 | @a罗琳@Aluo lin@4著 |
| 801 | @b江苏凤凰@c20191020 | |
| 905 | @b1233580-5@dG834.02-39@e179@f6 | |
| 艺术体操训练信息管理系统研究/罗琳著.-北京:中国纺织出版社,2019 |
| 158页:图;23cm |
| ISBN 978-7-5180-4162-6:CNY57.00 |
| 本书不仅将传统的艺术体操训练指导理论进行了提炼,而且运用运动学的新理论并结合艺术体操编排的规律和特点,增加了艺术体操训练的基本理论,介绍了艺术体操规则的演进和现代信息技术与艺术体操训练相结合的发展概况,还介绍了艺术体操训练指标体系的建立和指导模型的构建,并根据艺术体操训练指导模型完成了信息系统的设计和实现。 |
| ● |
| 相关链接 |
|
|
|
|
正题名:艺术体操训练信息管理系统研究
索取号:G834.02-39/179
 
预约/预借
| 序号 | 登录号 | 条形码 | 馆藏地/架位号 | 状态 | 备注 |
| 1 | 1233580 | 212335800 | 第一样本阅览室/ [索取号:G834.02-39/179] | 在馆 | |
| 2 | 1233581 | 212335819 | 第四借阅区/ [索取号:G834.02-39/179] | 在馆 | |
| 3 | 1233582 | 212335828 | 第四借阅区/ [索取号:G834.02-39/179] | 在馆 | |
| 4 | 1233583 | 212335837 | 教育系资料室/ [索取号:G834.02-39/179] | 在馆 | |
| 5 | 1233584 | 212335846 | 教育系资料室/ [索取号:G834.02-39/179] | 在馆 | |
| 6 | 1233585 | 212335855 | 教育系资料室/ [索取号:G834.02-39/179] | 在馆 |